000 00357 a2200157 4500
001 155493
040 _cEscola São Tomás de Aquino
100 _aSBRUZZI, Geonice
240 1 0 _aDescobrindo a gramática
_lpor
245 1 0 _aDescobrindo a gramática
300 _a255
362 0 _a2000
440 1 _aFTD
697 _aLíngua portuguesa
942 _cBK
999 _c155493
_d155493